000 00455nam a2200181Ia 4500
008 100920s9999 xx 000 0 und d
082 _b80472
_a4 न 01
100 _aKULKARNI S.K.
245 _aCHALLENGES.
260 _bJAICO PUBLISHING HOUSE.DELHI.
_c2001
300 _a165
_bसाधी
365 _b125
520 _aई. एल.डी.
630 _aCHALLENGES.
650 _aई. एल.डी.
730 _aCHALLENGES.
942 _cBOOK
999 _c721365
_d721362